Cola Wars Quiz Stats

 Plays Quiz Updated Nov 14, 2018

Challenge
Share
Tweet
Embed
Score 0/24 Timer 04:00
1 Play Today
Company Drink % Correct
The Coca-Cola CompanyCoca-Cola
96.6%
The Coca-Cola CompanyDiet Coke
92.4%
PepsiCoPepsi
81.8%
PepsiCoDiet Pepsi
80.9%
The Coca-Cola CompanySprite
77.4%
The Coca-Cola CompanyCherry Coke
76.8%
The Coca-Cola CompanyFanta
72.3%
The Coca-Cola CompanyPowerade
60.9%
PepsiCoSierra Mist
60.7%
PepsiCoGatorade
56.5%
PepsiCoPepsi Wild Cherry
56.2%
The Coca-Cola CompanyDasani
54.7%
Company Drink % Correct
The Coca-Cola CompanyBarq's
41.7%
PepsiCoLipton
40.2%
PepsiCoAquafina
38.2%
The Coca-Cola CompanyMinute Maid
33.8%
The Coca-Cola CompanyGlaceau Vitamin Water
33.7%
The Coca-Cola CompanyNestea (Manufactured by Nestle)
32.8%
PepsiCoMug
31.8%
PepsiCoMountain Dew
30.6%
The Coca-Cola CompanyMello Yello
30.2%
PepsiCoSobe Lifewater
16.3%
PepsiCoCrush
15%
PepsiCoTropicana
10.5%

You're not logged in!

Compare scores with friends on all Sporcle quizzes.
OR
Log In

You Might Also Like...

Show Comments

Extras

Top Quizzes Today


Score Distribution

Your Account Isn't Verified!

In order to create a playlist on Sporcle, you need to verify the email address you used during registration. Go to your Sporcle Settings to finish the process.

Report this User

Report this user for behavior that violates our Community Guidelines.

Details: